000
00193nam a2200085Ia 4500
942
_c
BK
245
0
_a
THIS OVERHEATING WORLD
100
_a
NICK COHEN
008
210804s9999 xx 000 0 und d
999
_c
39863
_d
39862